000 01178nam a2200229Ia 4500
003 OSt
005 20210610142451.0
008 210310s1954 sp ad gr 001 0 spa d
040 _aCO-JMCR
_cCO-JMCR
041 0 _aspa
082 0 4 _a338.8 /
_bM971m
_223
100 1 _aMuñoz Linares, Carlos,
_915971
_eautor
245 1 3 _aEl monopolio en la Industria Eléctrica /
_bCarlos Muñoz Linares ; prólogo de Manuel de Torres
260 _aMadrid :
_bEdiciones Aguilar,
_c1954
300 _a1 hoja plegable, xv, 204 páginas :
_bilustraciones y gráficas a blanco y negro ;
_c21 cm.
490 0 _aBiblioteca de Ciencias Sociales. Sección Primera : Economía
500 _aIncluye notas a pie de página e índice de gráficos.
505 0 _aLa industria eléctrica española y la competencia -- Las grandes empresas en la industria eléctrica --Las estructuras piramidales en la industria eléctrica -- El grado de monopolio en la industria eléctrica -- Estructura de la competencia -- Divorcio de la propiedad y el control en la industria eléctrica
650 1 4 _aMonopolio
_915973
_xIndustria eléctrica
700 1 _aTorres, Manuel de,
_eprologuista
_93623
942 _2ddc
_cBK
999 _c7974
_d7974